La serenita / (Registro nro. 14864)

Detalles MARC
000 -LIDER
fixed length control field 00773nam a22002537a 4500
001 - NÚMERO DE CONTROL
Identificador de número de control 00105
003 - IDENTIFICACDOR DE NÚMERO DE CONTROL
control field DO-SdBPM
005 - DATE AND TIME OF LATEST TRANSACTION
control field 20241118083538.0
007 - CAMPOS FIJOS DE DESCRIPCIÓN FÍSICA
fixed length control field 00105
008 - ELEMENTOS DE LONGITUD FIJA
fixed length control field 160317b 1987 sp|| 00| 0 spa d
020 ## - ISBN
International Standard Book Number 8424155173
040 ## - FUENTE DE CATALOGACIÓN
Agencia que crea de manera original el registro DO-SdBPM
Idioma de catalogación spa
Agencia que realiza la transcripción BPMSU
082 #4 - NÚMERO DE CLASIFICACIÓN DECIMAL DE DEWEY
Classification number 839.81
Item number A544s 1987
Edition number 22
100 1# - ASIENTO PRINCIPAL -- NOMBRE PERSONAL
Nombre personal Andersen, Hans Christian,
Fechas asociadas con el nombre 1805-1875.
245 13 - MENCIÓN DE TITULO
Título La serenita /
Mención de responsabilidad Hans Christian Andersen ; ilustrado por Hubert Sergent
Subtítulo
260 ## - PUBLICACIÓN, DISTRIBUCIÓN, ETC. (PIE DE IMPRENTA)
Lugar de publicación, distribución, etc Madrid :
Nombre del editor, distribuidor, etc. Editorial Everest,
Fecha de publicación, distribución, etc 1987
300 ## - DESCRIPCIÓN FÍSICA
Extensión 31 p. :
Otros detalles físicos il., ;
Dimensiones 28 cm.
490 0# - MENCIÓN DE SERIES
Mención de serie Cuentos de hadas Everest
590 ## - NOTA LOCAL
Texto de la nota local Inventariado, 2024/VM
650 #4 - ENCABEZAMIENTO DE MATERIA--TEMÁTICO
Término temático o nombre geográfico como elemento de entrada Cuentos infantiles daneses.
700 1# - ASIENTO SECUNDARIO -- NOMBRE PERSONAL
Nombre personal Sergeant, Hubert
Mención de responsabilidad ilustración
910 ## - VALIDACIÓN
Validación VMateo V. Control de calidad (BPMSU)
942 ## - ADDED ENTRY ELEMENTS (KOHA)
Source of classification or shelving scheme Dewey Decimal Classification
Koha item type Libros
Existencias
Withdrawn status Lost status Source of classification or shelving scheme Damaged status Not for loan Collection code Home library Current library Date acquired Total Checkouts Full call number Barcode Date last seen Price effective from Koha item type
    Dewey Decimal Classification     Colección Infantil General Biblioteca Pública Metropolitana Salomé Ureña Biblioteca Pública Metropolitana Salomé Ureña 11/18/2024   BPMSU CGI 839.81 A544s 1987 BPMSU24110027 11/18/2024 11/18/2024 Libros